Zákon červené rtěnky /

Uloženo v:
Hlavní autor: Benková, Jana, 1970-2026 (Autor)
Další autoři: Pánek, Jiří, 1960- (Autor)
Médium: Kniha
Jazyk:Czech
Vydáno: Praha : Naše vojsko, 2026
Edice:Naše rodina
Celkem bylo vypůjčeno:0x
Tagy:
Žádné tagy
LEADER 01165nam a2200325 i 4500
001 106290
003 CZ PrNK
005 20260511111911.0
007 ta
008 260409s2026 xr 000 1 cze
015 |a cnb003750099 
020 |a 9788020620996  |q (vázáno) 
040 |a ABG001  |b cze  |e rda 
041 1 |a cze  |h slo 
100 1 |a Benková, Jana,  |d 1970-2026  |7 xx0167991  |4 aut  |9 22102 
240 1 0 |a Zákon červeného rúžu.  |l Česky 
245 1 0 |a Zákon červené rtěnky /  |c Jana Benková ; ze slovenského originálu Zákon červeného rúžu přeložil Jiří Pánek 
264 1 |a Praha :  |b Naše vojsko,  |c 2026 
300 |a 211 stran ;  |c 20 cm 
336 |a text  |b txt  |2 rdacontent 
337 |a bez média  |b n  |2 rdamedia 
338 |a svazek  |b nc  |2 rdacarrier 
490 1 |a Naše rodina 
700 1 |a Pánek, Jiří,  |d 1960-  |7 jn20001031007  |4 trl  |9 26069 
710 2 |a Naše vojsko (nakladatelství : 2000-)  |7 mzk20261291242  |4 pbl  |9 117197 
830 0 |a Naše rodina 
910 |a UOG502 
942 |2 ddc  |c KN 
999 |d 106290 
993 |0 0  |1 421180107015  |2 ddc  |4 0  |7 0  |9 99658  |b 0  |c 107015  |d 2026-05-11  |e 0  |f DOSP  |h 399.00  |i Koupě  |l DOSP  |r 2026-05-11  |t 6  |w 2026-05-11  |y KN  |z BELET  |n